| 000 | 00975nas a2200289 4500 | ||
|---|---|---|---|
| 001 | BR2014007460 | ||
| 003 | BR-BrBNA | ||
| 005 | 20231205124740.0 | ||
| 007 | ta | ||
| 008 | 230509b bl.|||p| |||| 00| 00por d | ||
| 040 |
_aBR-BrBNA _bpor _cBiblioteca Nacional de Agricultura |
||
| 041 | _a(Pt) | ||
| 072 | _aL53 | ||
| 100 | 1 | _aMoraes, V.M.B. | |
| 100 | 1 | _aMalheiros, R.D. | |
| 100 | 1 | _aCampos, E.J. | |
| 100 | 1 | _aFurlan, R.L. | |
| 100 | 1 | _aMacari, M. | |
| 245 | 1 | _aEfeitos do peso corporal à maturidade sexual sobre as concentrações plasmáticas de LH/FSH em reprodutoras pesadas | |
| 246 | 1 | _aEffects of body weight at sexual maturity on LH/ FSH plasma levels in broiler breeders | |
| 650 | _aMATURIDADE SEXUAL | ||
| 650 | _aPESO | ||
| 650 | _aHORMÔNIO | ||
| 773 | 0 |
_tBrazilian Journal of Poultry Science (Brazil) _xISSN 1516-635X _g(May- Aug 1999), v. 1(2) p. 109-115 _wBR2014007460 |
|
| 909 |
_a202311 _bLúcia _c55 _dLúcia Elande |
||
| 942 |
_2AGRIS _n0 _cANA |
||
| 999 |
_c240694 _d240694 |
||